<?xml version="1.0" encoding="UTF-8"?>
<record
    xmlns:xsi="http://www.w3.org/2001/XMLSchema-instance"
    xsi:schemaLocation="http://www.loc.gov/MARC21/slim http://www.loc.gov/standards/marcxml/schema/MARC21slim.xsd"
    xmlns="http://www.loc.gov/MARC21/slim">

  <leader>01142nam a2200241 a 4500</leader>
  <controlfield tag="001">54035</controlfield>
  <controlfield tag="003">BD-RjUL</controlfield>
  <controlfield tag="005">20211209080050.0</controlfield>
  <controlfield tag="008">161031s1980    bg ||||| |||| 00| 0 ben d</controlfield>
  <datafield tag="020" ind1=" " ind2=" ">
    <subfield code="c">: IRs.17.00</subfield>
  </datafield>
  <datafield tag="035" ind1=" " ind2=" ">
    <subfield code="a">(BD-RjUL)54157</subfield>
  </datafield>
  <datafield tag="040" ind1=" " ind2=" ">
    <subfield code="a">BD-RjUL</subfield>
    <subfield code="b">ben</subfield>
    <subfield code="c">BD-RjUL</subfield>
    <subfield code="d">BD-RjUL</subfield>
  </datafield>
  <datafield tag="041" ind1=" " ind2=" ">
    <subfield code="a">ben</subfield>
  </datafield>
  <datafield tag="082" ind1=" " ind2=" ">
    <subfield code="2">23</subfield>
    <subfield code="a">891.4409</subfield>
    <subfield code="b">CHB 1980</subfield>
  </datafield>
  <datafield tag="100" ind1=" " ind2=" ">
    <subfield code="a">&#x99A;&#x99F;&#x9CD;&#x99F;&#x9CB;&#x9AA;&#x9BE;&#x9A7;&#x9CD;&#x9AF;&#x9BE;&#x9AF;&#x9BC;, &#x995;&#x9AE;&#x9B2;&#x9C7;&#x9B6;</subfield>
    <subfield code="9">161343</subfield>
  </datafield>
  <datafield tag="245" ind1="1" ind2="0">
    <subfield code="a">&#x9AC;&#x9BE;&#x982;&#x9B2;&#x9BE; &#x9B8;&#x9BE;&#x9B9;&#x9BF;&#x9A4;&#x9CD;&#x9AF;&#x9C7; &#x9AE;&#x9BF;&#x9A5;&#x9C7;&#x9B0; &#x9AC;&#x9CD;&#x9AF;&#x9AC;&#x9B9;&#x9BE;&#x9B0; :</subfield>
    <subfield code="b">&#x9AC;&#x9A6;&#x9CD;&#x9A7;&#x9C1;&#x9A6;&#x9C7;&#x9AC; &#x9AC;&#x9B8;&#x9C1;&#x9B0; '&#x9A4;&#x9AA;&#x9B8;&#x9CD;&#x9AC;&#x9C0; &#x993; &#x9A4;&#x9B0;&#x999;&#x9CD;&#x997;&#x9BF;&#x9A3;&#x9C0;'&#x9B0; &#x9AD;&#x9C2;&#x9AE;&#x9BF;&#x995;&#x9BE; /</subfield>
    <subfield code="c">&#x995;&#x9AE;&#x9B2;&#x9C7;&#x9B6; &#x99A;&#x99F;&#x9CD;&#x99F;&#x9CB;&#x9AA;&#x9BE;&#x9A7;&#x9CD;&#x9AF;&#x9BE;&#x9AF;&#x9BC;, </subfield>
  </datafield>
  <datafield tag="260" ind1=" " ind2=" ">
    <subfield code="a">&#x995;&#x9B2;&#x9BF;&#x995;&#x9BE;&#x9A4;&#x9BE; :</subfield>
    <subfield code="b">&#x9AE;&#x9B0;&#x9CD;&#x9A1;&#x9BE;&#x9A8; &#x9AC;&#x9C1;&#x995; &#x98F;&#x99C;&#x9C7;&#x9A8;&#x9CD;&#x9B8;&#x9C0;,</subfield>
    <subfield code="c">&#x9E7;&#x9EF;&#x9EE;&#x9E6;.</subfield>
  </datafield>
  <datafield tag="300" ind1=" " ind2=" ">
    <subfield code="a">[&#x9E7;&#x9E9;], &#x9E7;&#x9ED;&#x9EC; &#x9AA;&#x9C3;. ;</subfield>
    <subfield code="c">&#x9E8;&#x9E9; &#x9B8;&#x9C7;&#x9AE;&#x9BF;.</subfield>
  </datafield>
  <datafield tag="504" ind1=" " ind2=" ">
    <subfield code="a">&#x997;&#x9CD;&#x9B0;&#x9A8;&#x9CD;&#x9A5;&#x9AA;&#x99E;&#x9CD;&#x99C;&#x9BF; &#x9B8;&#x982;&#x9AF;&#x9C1;&#x995;&#x9CD;&#x9A4;</subfield>
  </datafield>
  <datafield tag="650" ind1=" " ind2=" ">
    <subfield code="a">&#x9AC;&#x9BE;&#x982;&#x9B2;&#x9BE; &#x9B8;&#x9BE;&#x9B9;&#x9BF;&#x9A4;&#x9CD;&#x9AF;</subfield>
    <subfield code="v">&#x987;&#x9A4;&#x9BF;&#x9B9;&#x9BE;&#x9B8; &#x993; &#x9B8;&#x9AE;&#x9BE;&#x9B2;&#x9CB;&#x99A;&#x9A8;&#x9BE;</subfield>
    <subfield code="9">117445</subfield>
  </datafield>
  <datafield tag="650" ind1=" " ind2=" ">
    <subfield code="a">Bengali literature</subfield>
    <subfield code="v">History and Criticism</subfield>
    <subfield code="9">161344</subfield>
  </datafield>
  <datafield tag="942" ind1=" " ind2=" ">
    <subfield code="2">ddc</subfield>
    <subfield code="c">BK</subfield>
    <subfield code="0">1</subfield>
  </datafield>
  <datafield tag="999" ind1=" " ind2=" ">
    <subfield code="c">54035</subfield>
    <subfield code="d">54035</subfield>
  </datafield>
  <datafield tag="952" ind1=" " ind2=" ">
    <subfield code="0">0</subfield>
    <subfield code="1">0</subfield>
    <subfield code="2">ddc</subfield>
    <subfield code="4">0</subfield>
    <subfield code="7">0</subfield>
    <subfield code="8">NFIC</subfield>
    <subfield code="a">RUCL</subfield>
    <subfield code="b">RUCL</subfield>
    <subfield code="c">Stack</subfield>
    <subfield code="d">1984-03-06</subfield>
    <subfield code="l">5</subfield>
    <subfield code="o">B 891.4409 CHB 1980</subfield>
    <subfield code="r">2025-10-05 00:00:00</subfield>
    <subfield code="s">2025-09-11</subfield>
    <subfield code="t">C-2</subfield>
    <subfield code="w">2016-10-31</subfield>
    <subfield code="y">BK</subfield>
  </datafield>
  <datafield tag="952" ind1=" " ind2=" ">
    <subfield code="0">0</subfield>
    <subfield code="1">0</subfield>
    <subfield code="2">ddc</subfield>
    <subfield code="4">0</subfield>
    <subfield code="7">1</subfield>
    <subfield code="8">NFIC</subfield>
    <subfield code="a">RUCL</subfield>
    <subfield code="b">RUCL</subfield>
    <subfield code="c">Reading</subfield>
    <subfield code="d">1984-03-06</subfield>
    <subfield code="e">Tulip Enterprise, Dhaka.</subfield>
    <subfield code="g">17.00</subfield>
    <subfield code="l">0</subfield>
    <subfield code="o">B 891.4409 CHB 1980</subfield>
    <subfield code="r">2017-02-26 00:00:00</subfield>
    <subfield code="t">C-1</subfield>
    <subfield code="w">2017-02-26</subfield>
    <subfield code="y">BK</subfield>
  </datafield>
</record>
